[Event "AUT-ch U12"]
[Site "Fuerstenfeld"]
[Date "2024.06.01"]
[Round "5"]
[White "Feiertag, Niklas"]
[Black "Aboulenein Djamshidian, Aryan"]
[Result "1-0"]
[WhiteElo "1582"]
[BlackElo "1625"]
[PlyCount "121"]
[EventDate "2024.05.30"]
[EventType "swiss"]
[EventRounds "7"]
[EventCountry "AUT"]
[SourceTitle "CB23_2024"]
[SourceDate "2024.06.05"]
[SourceVersion "1"]
[SourceVersionDate "2024.06.05"]
[SourceQuality "1"]

1. d4 e6 2. c4 d5 3. Nc3 Nf6 4. cxd5 exd5 5. Bg5 Nbd7 6. e3 c6 7. Bd3 Bd6 8. Nge2 0-0 9. Qc2 Qc7 10. h3 b5 11. 0-0 a5 12. Rfc1 Qb6 13. a3 Bb7 14. Rab1 h6 15. Bf4 Bxf4 16. Nxf4 Ne8 17. Nfe2 Nd6 18. Rd1 Nf6 19. Nc1 Rfe8 20. Nb3 Bc8 21. Nc5 Nb7 22. Ne2 Nxc5 23. dxc5 Qc7 24. Nd4 Bd7 25. Bf5 Bxf5 26. Nxf5 Rad8 27. Qc3 Re5 28. Nd4 Ne4 29. Qc2 Rc8 30. b4 a4 31. Qb2 Qe7 32. Rd3 Rh5 33. Qe2 Qg5 34. Qg4 Qxg4 35. hxg4 Re5 36. f3 Nf6 37. Kf2 g5 38. Rh1 Kh7 39. Nf5 Ng8 40. Rh5 Rc7 41. Rd1 Re6 42. Rdh1 Rg6 43. g3 Rc8 44. f4 f6 45. Kf3 Re8 46. Rd1 Ne7 47. Nd6 Rd8 48. Rdh1 Ng8 49. Nf5 Rd7 50. Rd1 Ne7 51. Nd4 gxf4 52. gxf4 Kg7 53. Rdh1 Kf7 54. f5 Rg7 55. Rxh6 Ng8 56. Rh7 Rxh7 57. Rxh7+ Ke8 58. Rh8 Kf7 59. Nxc6 Kg7 60. Rh2 Rc7 61. Nd4 1-0

[Event "AUT-ch U12"]
[Site "Fuerstenfeld"]
[Date "2024.05.30"]
[Round "2"]
[White "Feiertag, Niklas"]
[Black "Chen, Chicheng Leon"]
[Result "0-1"]
[WhiteElo "1582"]
[BlackElo "1832"]
[PlyCount "96"]
[EventDate "2024.05.30"]
[EventType "swiss"]
[EventRounds "7"]
[EventCountry "AUT"]
[SourceTitle "CB23_2024"]
[SourceDate "2024.06.05"]
[SourceVersion "1"]
[SourceVersionDate "2024.06.05"]
[SourceQuality "1"]

1. d4 Nf6 2. c4 e6 3. Nc3 Bb4 4. e3 b6 5. Nf3 Bb7 6. Be2 Ne4 7. Bd2 Bxc3 8. Bxc3 Nxc3 9. bxc3 d6 10. 0-0 Nd7 11. Bd3 0-0 12. Re1 e5 13. d5 Nc5 14. e4 Qe7 15. Re3 Rae8 16. Nd2 Bc8 17. Nb3 Nxd3 18. Rxd3 f5 19. Nd2 f4 20. g3 Qg5 21. Nf3 Qh6 22. Qe2 Bg4 23. a4 a5 24. h4 Qh5 25. Kg2 Re7 26. Rf1 Bd7 27. Qd1 Qg4 28. Ng5 Qxd1 29. Rfxd1 Bxa4 30. R1d2 Bd7 31. f3 h6 32. Nh3 fxg3 33. Kxg3 Ref7 34. Rf2 Bc8 35. Ng1 Ba6 36. Ne2 Bxc4 37. Rd2 Bxe2 38. Rdxe2 Rf4 39. Ra2 g5 40. hxg5 hxg5 41. Ra1 g4 42. Rh2 Rxf3+ 43. Kxg4 R8f4+ 44. Kg5 Rg3+ 45. Kh6 Rf7 46. Rg2 Rxg2 47. Rg1 Rxg1 48. c4 Rh7# 0-1

[Event "AUT-ch U14"]
[Site "St Veit"]
[Date "2023.06.08"]
[Round "2"]
[White "Feiertag, Niklas"]
[Black "Chen, Chicheng Leon"]
[Result "0-1"]
[WhiteElo "1213"]
[BlackElo "1384"]
[PlyCount "72"]
[EventDate "2023.06.08"]
[EventType "swiss"]
[EventRounds "7"]
[EventCountry "AUT"]
[SourceTitle "EXT 2024"]
[Source "ChessBase"]
[SourceDate "2023.10.10"]
[SourceVersion "1"]
[SourceVersionDate "2023.10.10"]
[SourceQuality "1"]

1. e4 c5 2. Nf3 e6 3. d4 cxd4 4. Nxd4 Nf6 5. Nc3 Nc6 6. Nxc6 bxc6 7. Bd3 d5 8. 0-0 Be7 9. f3 0-0 10. a3 e5 11. Bd2 Qb6+ 12. Kh1 Qxb2 13. Qe2 Qb8 14. exd5 cxd5 15. Bg5 d4 16. Ne4 Nd5 17. Bxe7 Nxe7 18. Nc5 Qc7 19. Qe4 Bf5 20. Na6 Qd6 21. Qe2 Bxd3 22. Qxd3 Rac8 23. Nb4 Rc3 24. Qe2 Nf5 25. Qe4 Ne3 26. Rfc1 f5 27. Qb7 Qg6 28. g3 Qh5 29. Nd3 e4 30. Ne1 Nf1 31. Qd5+ Kh8 32. Kg2 Qxh2+ 33. Kxf1 e3 34. Nd3 Rxd3 35. Ke1 Qd2+ 36. Kf1 Qf2# 0-1

[Event "EU Union-ch U10 19th"]
[Site "Mureck"]
[Date "2022.08.09"]
[Round "7"]
[White "Feiertag, Niklas"]
[Black "Aichinger, Johannes"]
[Result "1-0"]
[WhiteElo "1196"]
[BlackElo "1202"]
[PlyCount "83"]
[EventDate "2022.08.03"]
[EventType "swiss"]
[EventRounds "9"]
[EventCountry "AUT"]
[SourceTitle "EXT 2023"]
[Source "ChessBase"]
[SourceDate "2022.10.05"]
[SourceVersion "1"]
[SourceVersionDate "2022.10.05"]
[SourceQuality "1"]

1. e4 e5 2. Nf3 Nc6 3. Bc4 Bc5 4. Nc3 Nf6 5. 0-0 d6 6. h3 0-0 7. d3 h6 8. Be3 Bb6 9. Re1 Re8 10. Qd2 Bxe3 11. fxe3 Na5 12. Bb3 Nxb3 13. axb3 a6 14. d4 b6 15. Qf2 exd4 16. exd4 Bb7 17. Nd2 Re7 18. Re2 Qe8 19. Rae1 a5 20. Qf5 Ba6 21. Re3 Bc8 22. Qf1 Bb7 23. e5 Nd7 24. Nf3 Bxf3 25. Qxf3 dxe5 26. dxe5 Rd8 27. Qg3 Kh7 28. Nd5 Nc5 29. Nxe7 Qxe7 30. Qf4 Ne6 31. Qf5+ Kg8 32. Rd3 Qc5+ 33. Kh1 Rxd3 34. Qxd3 Qf2 35. Rf1 Qc5 36. Qf5 Qe7 37. Rd1 g6 38. Qf6 Qc5 39. Rd7 Qf8 40. Qe7 Qg7 41. Qe8+ Kh7 42. Rxf7 1-0

[Event "AUT-ch U10"]
[Site "St Veit"]
[Date "2022.06.04"]
[Round "3"]
[White "Feiertag, Niklas"]
[Black "Gartner, Tobias"]
[Result "1-0"]
[WhiteElo "1196"]
[BlackElo "991"]
[PlyCount "61"]
[EventDate "2022.06.04"]
[EventType "swiss"]
[EventRounds "7"]
[EventCountry "AUT"]
[SourceTitle "EXT 2023"]
[Source "ChessBase"]
[SourceDate "2022.10.05"]
[SourceVersion "1"]
[SourceVersionDate "2022.10.05"]
[SourceQuality "1"]

1. e4 e5 2. Nf3 Nc6 3. Bc4 Bc5 4. Nc3 Nf6 5. d3 d6 6. Bg5 h6 7. Bh4 a6 8. Nd5 g5 9. Nxg5 hxg5 10. Bxg5 Rf8 11. Nxf6+ Qxf6 12. Bxf6 Rg8 13. Qf3 Nd4 14. Qh5 Rf8 15. 0-0-0 c6 16. Bg7 d5 17. exd5 cxd5 18. Bxd5 Be6 19. Bxe6 Nxe6 20. Bxf8 Kxf8 21. Qh8+ Ke7 22. Qxa8 Bxf2 23. Qxb7+ Kd6 24. Rhf1 Be3+ 25. Rd2 Bxd2+ 26. Kxd2 Nc5 27. Rf6+ Ne6 28. Qxf7 e4 29. Rxe6+ Kd5 30. Qf5+ Kd4 31. Rxe4# 1-0

[Event "AUT-ch U08 Online Rapid"]
[Site "Playchess.com INT"]
[Date "2020.12.13"]
[Round "4"]
[White "Feiertag, Niklas"]
[Black "Fischkin, Daniel"]
[Result "1-0"]
[WhiteElo "1671"]
[BlackElo "1541"]
[PlyCount "45"]
[EventDate "2020.12.13"]
[EventType "swiss (rapid)"]
[EventRounds "7"]
[EventCountry "AUT"]
[SourceTitle "EXT 2022"]
[Source "ChessBase"]
[SourceDate "2021.10.06"]
[SourceVersion "1"]
[SourceVersionDate "2021.10.06"]
[SourceQuality "1"]

1. e4 e5 2. Nf3 Nc6 3. d4 Nf6 4. dxe5 Nxe4 5. Qd5 Nc5 6. Ng5 Qe7 7. Nf3 h6 8. Bb5 a6 9. Bxc6 bxc6 10. Qd4 Ne6 11. Qe3 Qb4+ 12. Nc3 Rb8 13. 0-0 Qe7 14. Nd4 Nxd4 15. Qxd4 c5 16. Qe3 Qe6 17. Rd1 Qg6 18. Nd5 Rb7 19. b3 Kd8 20. Rd2 d6 21. exd6 cxd6 22. Re2 Kd7 23. Qe8# 1-0

[Event "AUT-ch U08 Online Blitz"]
[Site "Playchess.com INT"]
[Date "2020.12.11"]
[Round "5"]
[White "Feiertag, Niklas"]
[Black "Seikmann, Jim"]
[Result "1/2-1/2"]
[WhiteElo "1698"]
[BlackElo "1754"]
[PlyCount "101"]
[EventDate "2020.12.11"]
[EventType "swiss (blitz)"]
[EventRounds "7"]
[EventCountry "AUT"]
[SourceTitle "EXT 2022"]
[Source "ChessBase"]
[SourceDate "2021.10.06"]
[SourceVersion "1"]
[SourceVersionDate "2021.10.06"]
[SourceQuality "1"]

1. e4 c6 2. Nf3 d5 3. exd5 cxd5 4. d4 Nc6 5. Bb5 Nf6 6. Ne5 Bd7 7. Nxd7 Qxd7 8. 0-0 e6 9. Bg5 Be7 10. Nc3 h6 11. Be3 0-0 12. Qf3 Bd6 13. Bf4 Qc7 14. Bxd6 Qxd6 15. Rfe1 a6 16. Bd3 Rfe8 17. Re2 e5 18. dxe5 Nxe5 19. Qg3 Qe7 20. Rae1 Nfd7 21. f4 Qc5+ 22. Kh1 d4 23. Na4 Qb4 24. fxe5 Qxa4 25. Ra1 Qb4 26. b3 Qc3 27. Ree1 Nxe5 28. Rab1 Nxd3 29. Rxe8+ Rxe8 30. cxd3 Re3 31. Qb8+ Kh7 32. Qxb7 Qxd3 33. Rc1 Qd2 34. Rg1 Re1 35. h3 Rxg1+ 36. Kxg1 Qe1+ 37. Kh2 Qe5+ 38. Kh1 Qf4 39. Qxa6 Qe3 40. Qf1 d3 41. Qf5+ Kg8 42. Qc8+ Kh7 43. Qf5+ g6 44. Qxf7+ Kh8 45. Qxg6 d2 46. Qf6+ Kh7 47. Qf7+ Kh8 48. Qf8+ Kh7 49. Qf7+ Kh8 50. Qf8+ Kh7 51. Qf7+ 1/2-1/2

[Event "AUT-ch U08 Online Blitz"]
[Site "Playchess.com INT"]
[Date "2020.12.11"]
[Round "3"]
[White "Fischkin, Daniel"]
[Black "Feiertag, Niklas"]
[Result "0-1"]
[WhiteElo "1480"]
[BlackElo "1659"]
[PlyCount "26"]
[EventDate "2020.12.11"]
[EventType "swiss (blitz)"]
[EventRounds "7"]
[EventCountry "AUT"]
[SourceTitle "EXT 2022"]
[Source "ChessBase"]
[SourceDate "2021.10.06"]
[SourceVersion "1"]
[SourceVersionDate "2021.10.06"]
[SourceQuality "1"]

1. e4 e5 2. Nf3 Nc6 3. Bc4 Bc5 4. d3 Nf6 5. Ng5 0-0 6. 0-0 d6 7. Nc3 Bg4 8. Qd2 h6 9. Nh3 Bxh3 10. gxh3 Qc8 11. h4 Qh3 12. Qe1 Ng4 13. Kh1 Qxh2# 0-1

[Event "AUT-ch U08 Online Blitz"]
[Site "Playchess.com INT"]
[Date "2020.12.11"]
[Round "6"]
[White "Schernthaner, Tim"]
[Black "Feiertag, Niklas"]
[Result "0-1"]
[WhiteElo "1677"]
[BlackElo "1705"]
[PlyCount "94"]
[EventDate "2020.12.11"]
[EventType "swiss (blitz)"]
[EventRounds "7"]
[EventCountry "AUT"]
[SourceTitle "EXT 2022"]
[Source "ChessBase"]
[SourceDate "2021.10.06"]
[SourceVersion "1"]
[SourceVersionDate "2021.10.06"]
[SourceQuality "1"]

1. e4 e5 2. Nf3 Nc6 3. Bc4 Bc5 4. c3 Nf6 5. d4 exd4 6. cxd4 Bb4+ 7. Bd2 Qe7 8. a3 Qxe4+ 9. Qe2 Qxe2+ 10. Bxe2 Bxd2+ 11. Nbxd2 0-0 12. 0-0 Re8 13. Rfe1 d5 14. Bb5 Rxe1+ 15. Rxe1 Bd7 16. Nb3 a6 17. Bxc6 Bxc6 18. Nc5 b6 19. Nd3 Re8 20. Rxe8+ Bxe8 21. Nfe5 Ne4 22. f3 f6 23. Ng4 Nd2 24. Nf4 c6 25. h3 Nc4 26. Nd3 Bg6 27. Nb4 Nxb2 28. Nxc6 Nc4 29. a4 Nb2 30. a5 bxa5 31. Nxa5 Nc4 32. Nc6 a5 33. Na7 a4 34. Nb5 Bd3 35. Nc3 a3 36. Nxd5 a2 37. Nb4 a1Q+ 38. Kf2 Qb2+ 39. Kg3 Qxb4 40. Nf2 Qb8+ 41. f4 Bf5 42. Kh2 Qxf4+ 43. Kg1 Be4 44. Kf1 Bd3+ 45. Kg1 Ne3 46. Kh1 Qg3 47. h4 Qxg2# 0-1

[Event "EU Union-ch U08 17th"]
[Site "Mureck"]
[Date "2019.08.07"]
[Round "8"]
[White "Feiertag, Niklas"]
[Black "Mensah, Siobhan"]
[Result "1-0"]
[WhiteElo "890"]
[BlackElo "951"]
[PlyCount "65"]
[EventDate "2019.07.31"]
[EventType "swiss"]
[EventRounds "9"]
[EventCountry "AUT"]
[SourceTitle "EXT 2020"]
[Source "ChessBase"]
[SourceDate "2019.10.17"]
[SourceVersion "1"]
[SourceVersionDate "2019.10.17"]
[SourceQuality "1"]

1. e4 e5 2. Nf3 Nc6 3. d4 exd4 4. Nxd4 Nf6 5. Nxc6 bxc6 6. e5 Ne4 7. Bd3 d5 8. exd6 f5 9. dxc7 Qxc7 10. Qe2 Be7 11. Bxe4 fxe4 12. Qxe4 0-0 13. 0-0 Re8 14. Bg5 Qd7 15. Qc4+ Kh8 16. Bxe7 Rxe7 17. Nc3 Bb7 18. Rfd1 Qf5 19. Qd3 Qf8 20. Na4 Re6 21. Nc5 Rg6 22. Nxb7 Rb8 23. Nd6 Rd8 24. Nf7+ Kg8 25. Qxd8 Qxd8 26. Nxd8 c5 27. Re1 h5 28. Re8+ Kh7 29. Nf7 Rc6 30. Rh8+ Kg6 31. Ne5+ Kf6 32. Nxc6 g5 33. Rxh5 1-0